| 000 | 00409nam a22001697a 4500 | ||
|---|---|---|---|
| 005 | 20160613145416.0 | ||
| 008 | 160613b xxu||||| |||| 00| 0 eng d | ||
| 020 | _a81-7808-362-0 | ||
| 041 | _aeng | ||
| 082 | _b7269 | ||
| 100 |
_aTurban, Efraim and others _91802 |
||
| 245 | _aElectronic Commarce | ||
| 260 |
_aDelhi _bpearson education _c2002 |
||
| 300 | _a503 | ||
| 650 |
_aManagement _9241 |
||
| 942 | _cBK | ||
| 999 |
_c2533 _d2532 |
||